000 00435nab a2200145Ia 4500
003 ES-SlBCS
005 20210601125306.0
008 140529s2000 xxu||||| |||| 00| 0 eng d
041 _aeng
100 1 _aMarkosian, Ned
_9152473
245 0 0 _aWhat Are Physical Objects?
_c Ned Markosian
650 0 4 _aObjetos Físicos
_9156385
773 0 _tPhilosophy and Phenomenological Research
_gvol. 61, 2000, págs. 375-395
_wRev1411
942 _cAR
999 _c527935
_d527935